Normal view
MARC view
- Attanasio, María,
Entry Nombre Personal
001 - NUMERO DE CONTROL
- campo de control: 36182
003 - IDENTIFICADOR DE NUMERO DE CONTROL
- campo de control: UPN
005 - FECHA Y HORA DE LA ÜLTIMA TRANSACCIÓN
- campo de control: 20210219194511.0
008 - DATOS DE LONGITUD FIJA
- campo de control de longitud fija: nabaccnnaabn|||||||||| b |nc|||||d
035 ## - NUMERO DE CONTROL
- Número de control: UPN11000008289
040 ## - FUENTE DE CATALOGACIÓN
- Lenguaje de catalogación: SPA
- Agencia de transcripción: UPN
053 #4 - NÚMERO DE CLASIFICACIÓN LC
- Número de clasificación elemento-número único o número inicial de tramo: PQ4861 T7
100 1# - ENCABEZAMIENTO - NOMBRE PERSONAL
- Nombre personal: Attanasio, María,
- Fechas asociadas con el nombre: 1943-
670 ## - FUENTE EN LA QUE SE LOCALIZARON DATOS
- Cita de la fuente: T
- Información localizada: Wikipedia
680 ## - NOTA PUBLICA DE ACCESO PÚBLICO
- Frase explicativa de la referencia: Poeta y escritora italiana, autora de novelas y ensayos
902 ## - CATALOGADOR
- Catalogador: MCM/251114
